Théorèmes insolites - Statistiques

Statistiques générales
  • Ce quiz a été pris 69 fois
  • Le résultat moyen est 7 sur 22
Answers on the Grid
Answers color-coded by a green-red scale on the quiz's grid according to % correct below.
Théorème céleste
Théorème de convergence dominée
Lemme du soleil levant
Théorème de la boule chevelue
Théorème du sandwich au jambon
Théorème d'incomplétude
Lemme du crabe
Théorème du musicien
Lemme des mariages
Lemme du ping-pong
Lemme de l'escargot
Processus des restaurants chinois
Lemme des tiroirs
Théorème de la pizza
Lemme guatémaltèque
Théorème de l'idéal principal
Théorème des 4 couleurs
Théorème du porte-manteau
Théorème du bagel au pavot
Théorème des restes chinois
Lemme de la vinaigrette
Théorème de l'ours qui dort
Théorème d'élimination des coupures
Lemme des eaux troubles
Lemme de la poule d'eau
Théorème des foncteurs semi-holomorphes
Lemme du bonnet d'âne
Lemme des poupées russes
Théorème de l'arc capable
Théorème des 4 saisons
Lemme de la chaise
Théorème des livres ouverts
Lemme du serpent
Théorème du passage à la douane
Théorème de la brique molle
Théorème spectral
Théorème du takos 3 viandes
Théorème du carnaval
Théorème de la goutte
Théorème de percolation saturée
 
Statistiques - réponses
Réponse % Correct
Théorème de convergence dominée
55%
Théorème des 4 couleurs
55%
Théorème d'incomplétude
50%
Théorème de la boule chevelue
48%
Lemme des tiroirs
47%
Théorème du sandwich au jambon
41%
Théorème du porte-manteau
40%
Théorème spectral
40%
Lemme des mariages
36%
Théorème des restes chinois
34%
Théorème de la pizza
33%
Processus des restaurants chinois
28%
Théorème de l'idéal principal
28%
Théorème d'élimination des coupures
24%
Lemme du ping-pong
21%
Théorème de la goutte
21%
Théorème de l'arc capable
21%
Lemme du serpent
17%
Lemme du soleil levant
16%
Théorème des livres ouverts
16%
Théorème du passage à la douane
10%
Théorème du bagel au pavot
7%
Aucun quiz correspondant
Distribution des résultats
% des personnes avec chaque résultat
Percentile par nombre de réponses
Votre historique - résultats
Vous n’avez pas pris ce quiz